000 01060nam0a22003011 4500
001 rc\4982975
005 20250613061839.0
021 _aRU
_b[57-53650]
035 _a(NLR Aleph) 008983029
090 _a9198095
_c9198095
100 _a20130430d1958 |||y0rusy50 ca
101 0 _arus
102 _aRU
105 _aa j |||||
200 1 _aРусский язык
_eУчебник для четвертого класса школ с укр. яз. обучения
205 _a3-е изд.
210 _aКиев
_cРад. школа
_d1958
215 _a240 с.
_cил.
_d23
300 _aПеред загл. авт.: Т.И. Гавриленко, А.Н. Ерофеев, М.Л. Курмаз и др.
606 _aРусский язык
_jУчебники и пособия для нерусских школ
_2psbo
701 1 _aЕрофеев
_bА.Н.
701 1 _aКурмаз
_bМ.Л.
701 1 _aГавриленко
_bТ.И.
801 0 _aRU
_bNLR
_gpsbo
801 1 _aRU
_bELAR
_2rusmarc
852 _aNLR
_j57-5/3754
942 _cBOOK
980 _aNB